Usborne easter snap /
Uložené v:
| Ďalší autori: | , |
|---|---|
| Médium: | Kniha |
| Jazyk: | English |
| Vydané: |
London :
Usborne Publishing Ltd.,
2010.
|
| Vydanie: | 1st ed. |
| Témy: | |
| ISBN: |
9780746076330 (brož.) |
| Fyzický popis: |
52 l. : il. ; 13 cm. |
| Tagy: |
Pridať tag
Žiadne tagy, Buďte prvý kto otaguje tento záznam!
|
Titul je dostupný aj v ... 

MARC
| LEADER | 00000nam a22000004a 4500 | ||
|---|---|---|---|
| 001 | 000448564 | ||
| 005 | 20140213093027.0 | ||
| 008 | 140116s2010 xxka a 000 0 eng d | ||
| 020 | |a 9780746076330 (brož.) | ||
| 040 | |a SVKKK |b slo |c SVKKK |e AACR2 | ||
| 041 | 0 | |a eng | |
| 044 | |a xxk |c GB | ||
| 072 | 7 | |a 811.111 |x Angličtina |2 konspekt | |
| 072 | 7 | |a 37.016 |x Učebné osnovy. Vyučovacie predmety. Učebnice |2 konspekt | |
| 080 | |a 811.111 |2 2001 | ||
| 080 | |a 81`373 |2 2001 | ||
| 080 | |a 794.4 |2 2001 | ||
| 080 | |a (0.053.2) |2 2001 | ||
| 080 | |a (0.029) |2 2001 | ||
| 100 | 1 | |a Baggott, Stella |4 ill | |
| 245 | 1 | 0 | |a Usborne easter snap / |c [illustrated by Stella Baggott ; designer by Nelupa Hussain]. |
| 246 | 3 | 3 | |a Easter snap |
| 250 | |a 1st ed. | ||
| 260 | |a London : |b Usborne Publishing Ltd., |c 2010. | ||
| 300 | |a 52 l. : |b il. ; |c 13 cm. | ||
| 500 | |a Obalový názov | ||
| 500 | |a Údaj o il. a navrh. prevzatý z tiráže | ||
| 500 | |a Karty sú uložené v kartónovom obale | ||
| 650 | 0 | 7 | |a angličtina |2 SVKKKPH |
| 650 | 0 | 7 | |a slovná zásoba |2 SVKKKPH |
| 650 | 0 | 7 | |a karty |2 SVKKKPH |
| 655 | 7 | |a publikácie pre deti |2 SVKKKPH | |
| 655 | 7 | |a skladačky |2 SVKKKPH | |
| 700 | 1 | |a Hussain, Nelupa |4 dsr | |
| 910 | |a svkkk | ||
| 919 | |a 978-0-7460-7633-3 | ||
| 998 | |a BK | ||
| 090 | |g SCKUS |k Americké centrum |a I.81644 |j 1052272 |i 2720270877 |s Spoločenská hra | ||